Normal view MARC view
  • Sen G.C. & Bhattacharyya A

Entry Personal Name

Number of records used in: 2

001 - CONTROL NUMBER

  • control field: 190117

003 - CONTROL NUMBER IDENTIFIER

  • control field: OSt

005 - DATE AND TIME OF LATEST TRANSACTION

  • control field: 20230714212810.0

008 - FIXED-LENGTH DATA ELEMENTS

  • fixed length control field: 230714|| aca||aabn | a|a d

040 ## - CATALOGING SOURCE

  • Original cataloging agency: OSt
  • Transcribing agency: OSt

100 ## - HEADING--PERSONAL NAME

  • Personal name: Sen G.C. & Bhattacharyya A

670 ## - SOURCE DATA FOUND

  • Source citation: Work cat.: (OSt)194870: Sen G.C. 158662, Principles Of Machine Tools, 2015